1862 1571 1013 1683 1538 1068 1505 1860 1978 1724 1007 1137 1020 1958 1870 1233 1198 1622 1990 1186 1797 1280 1406 1999 1294 1764 1734 1608 1872 1209 1226 1473 1246 1637 1400 1763 1078 1498 1183 1869 1218 1780 1533 1706 1954 1146 1356 1605 1714 1838 1065 1310 1644 1629 1304 1305 1130 1474 1472 1068 1093 1606 1835 1051 1453 1663 1489 1664 1782 1960 1791 1609 1349 1584 1261 1247 1868 1804 1064 1250 1744 1036 1887 1365 1993 1754 1590 1703 1445 1761 1939 1060 1861 1508 1720 1442 1670 1697 1177 BCNSPRNW ULIB Ver.6.0+V

เปลี่ยนเป็นภาษาไทย

Change to English
 แสดงรายละเอียดบรรณานุกรม
  กลับหน้าหลัก

Brief Record : Get Marc (ISO 2709) : E-mail record : QR code < ปิดหน้าต่าง
LEADER : 00000nam 2200000uu 4500
001    13399126803
003     ULIB
008    190306s2559||||th 000 0 tha d
020 a9 ^a9786163890269
050 aR ^aPL4185^bภ483
245 aภ ^aภาษาไทย ภาษาสื่อ ฉบับราชบัณฑิตยสภา /^cสำนักงานราชบัณฑิตยสภา
260 aก ^aุกรุงเทพฯ :^bสำนักงานราชบัณฑิตยสภา,^c2559
300 a( ^a(6), 477 หน้า :^bตาราง ;^c22 ซม.
650 aภ ^aภาษาไทย^xการใช้ภาษา
650 aภ ^aภาษาไทย
650 aภ ^aภาษาไทย^xคำศัพท์
690 aห ^aหมวดวิชาศึกษาทั่วไป
710 aส ^aสำนักงานราชบัณฑิตยสภา
945    ^p0^l0^i27299
945    ^p0^l0^i27300
945    ^p0^l0^i27298
999    ^aกัณชพร จุลอักษร
รายการนี้ยังไม่มีแท็ก
คุณยังไม่ได้ล็อกอิน คุณสามารถมีกิจกรรมร่วมกับเว็บไซต์ได้ แต่ต้องล็อกอินก่อน ::
  ล็อกอิน

รายการสื่อสารสนเทศ

ลำดับที่ ประเภท เลขเรียก/บาร์โค้ด สถานที่ สถานะ
1. หนังสือสำรอง
หนังสือสำรอง
PL4185 ภ483 ฉ.1 
  Barcode: 27298
ห้องสมุดวิทยาเขตนครสวรรค์
►หนังสือทั่วไป:l:General Books
บนชั้น
2. วิทยาศาสตร์การแพทย์ และสุขภาพ
วิทยาศาสตร์การแพทย์ และสุขภาพ
PL4185 ภ483 ฉ.2 
  Barcode: 27299
ห้องสมุดวิทยาเขตนครสวรรค์
►หนังสือทั่วไป:l:General Books
บนชั้น
3. วิทยาศาสตร์การแพทย์ และสุขภาพ
วิทยาศาสตร์การแพทย์ และสุขภาพ
PL4185 ภ483 ฉ.3 
  Barcode: 27300
ห้องสมุดวิทยาเขตนครสวรรค์
►หนังสือทั่วไป:l:General Books
บนชั้น

รายการใกล้เคียง
    หัวเรื่อง [ภาษาไทย]

BibComment


ยังไม่เคยถูกคอมเมนท์

คอมเมนท์ทรัพยากรรายการนี้
  คอมเมนท์: ภาษาไทย ภาษาสื่อ..


 Copyright 2026. Bcnsprnw @Library